Score 0/52 Timer 10:00
0 Plays Today
Hint Character % Correct
Owned a monkey.Ross
77.4%
Can drink a gallon of milk in ten seconds.Joey
75.7%
This person's real favorite movie is Weekend at Bernie's.Rachel
73.6%
Had sympathy pains in the form of kidney stones.Joey
73.3%
This person doesn't want to have to tell his/her son one day that he/she turned off free porn.Joey
73.2%
Who is a Strong. Confident Woman. Who does not need to smoke?Chandler
72.2%
This person got stung... stung bad.Monica
71.8%
This person should get a medal. (Think: Six Month Dry Spell)Ross
70.8%
This person was Chandler for Halloween.Joey
70.5%
Broke up with a guy because it was icky.Monica
69.9%
This person is very bendy.Phoebe
69.2%
This person developed early.Rachel
68.7%
This person rolled over the juice box.Rachel
68.4%
Hates animals dressed like humans.Monica
68.3%
Had sex at Disneyland.Ross
67.4%
In Season Five, they had done it 298 times.Ross and Rachel
66.8%
Apologized to a cat.Ross
66.6%
Sometimes this person can still hear the screaming... (DO IT, DO IT NOW!)Chandler
65.8%
Acted as a Nurse.Phoebe
64.4%
This person knew he should have hid at the gym.Chandler
64.4%
Had sex on the back of a Staten Island ferry.Joey
63.9%
This person took off the shower curtain because he/she is safety conscious.Joey
63.8%
This person thought her/his own nickname was just what all the friends called eachother.Phoebe
63.4%
The rooster goes, or this person is getting a coyote.Rachel
63.3%
Some can sing, some can dance, this person can turn phallic cakes into woodland creatures.Ross
63.1%
According to Ross, Julie isn't...Rachel
62.9%
Hint Character % Correct
Hates icecream.Ross
62.2%
This person is scrappy.Monica
61%
They have rat babies.Mike and Phoebe
60.6%
Made a kid cry by lifting up his/her shirt.Joey
57.9%
This person told Monica to take off her shirt.Chandler
57.4%
This person is kind of a ****. (Think:Outfit.)Rachel
56.8%
Rust is boat cancer. This person lost a bike to that.Ross
56.3%
This person is not paying for your wine cellar, you theiving, would be speaking German if it weren't for us, cheap, cheap, little man.Jack
55.3%
Had a thing.Ross
55%
This person thought Ross' suit looked better on him than on Col. Sanders.Monica
52.2%
This person is Pennsylvania Dutch.Monica
48.7%
This person asked Chandler to stick out his tounge.Monica
48.4%
This person hasn't felt her/his feet in years.Rachel
47.1%
Sir Isaac Newton is pissed... at who?Phoebe
46.5%
Fashions stars from tin foil.Monica
44.7%
This person thought Ross looked like he invented the cotton gin.Rachel
43.6%
Who is Hospital Worker Ben?Phoebe
43.5%
Bonus: According to Chandler and Joey, What was totally worth losing the apartment back to the girls?Rachel and Monica kissing for one minute
42.4%
Who is 'Gene'? (Mark Johnson/John Markson)Chandler
37.2%
They kissed at midnight in season one.Joey and Chandler
36.2%
Emma's birthday cake had a striking resemblance to this person's 'downstairs.'Jack
35.4%
This person came to Rachel's for a hair straightener.Amy
35.3%
'You really got a hold on me' is played during a montage of them.Joey and Chandler
30.9%
They made Chandler cry.Ross and Rachel
29.7%
The only thing this person can't have is dairy.Jill
25.8%
Bonus 2: What is Chandler Bing's Job (before he quit and went into advertising.)Statistical analysis and Data reconfiguration.
14.2%
Remove Ads.
Support Sporcle.
Get the best of Sporcle when you Go Orange. This ad-free experience offers more features, more stats, and more fun while also helping to support Sporcle. Thank you for becoming a member.

You're not logged in!

Compare scores with friends on all Sporcle quizzes.
OR
Log In

Show Comments

Extras

Top Quizzes Today


Score Distribution

Your Account Isn't Verified!

In order to create a playlist on Sporcle, you need to verify the email address you used during registration. Go to your Sporcle Settings to finish the process.

Report this User

Report this user for behavior that violates our Community Guidelines.

Details: